| 000 | 00446pab a2200181 454500 | ||
|---|---|---|---|
| 008 | 180718b2017 xxu||||| |||| 00| 0 eng d | ||
| 100 | _aDas, Seema | ||
| 245 | _aSushaasan aur vikaas mein e-shaasan kee bhumika | ||
| 260 | _c2017 | ||
| 300 | _ap.128-137. | ||
| 362 | _aJul-Dec | ||
| 650 | _ae-governance | ||
| 650 | _aGood governance | ||
| 650 | _aE governance | ||
| 700 | _aKumari, Preeti | ||
| 773 | _aLok Prashasan | ||
| 909 | _a117301 | ||
| 999 |
_c117295 _d117295 |
||